Normal view MARC view

Entry Nome pessoal

Number of records used in: 2

001 - NÚMERO DE CONTROLE

  • campo de controle: 140

003 - IDENTIFICADOR DO NÚMERO DE CONTROLE

  • campo de controle: Br

005 - DATA E HORÁRIO DA ÚLTIMA TRANSAÇÃO

  • campo de controle: 20250122131937.0

008 - CAMPO DE DADOS FIXOS

  • campo de controle de tamanho fixo: 990917|| acnnnaab| aaaa d

035 ## - NÚMERO DE CONTROLE DO SISTEMA

  • Número de Controle do Sistema: 99091715184976E07

040 ## - FONTE DA CATALOGAÇÃO

  • Instituição da catalogação original: Br
  • Instituição que transcreveu o registro: Br

100 1# - CABEÇALHO--NOME PESSOAL

  • Nome pessoal: Benchley, Peter,
  • Datas associadas ao nome: 1940-2006

400 1# - REMISSIVA VER--NOME PESSOAL

  • Nome pessoal: Benchley, Peter Bradford
  • Datas associadas ao nome: 1940-2006

670 ## - FONTE POSITIVA DOS DADOS

  • Citação da fonte positiva dos dados: Autor de: Tubarão. 1974.

670 ## - FONTE POSITIVA DOS DADOS

  • Citação da fonte positiva dos dados: LC authorities 12/2/06
  • Dados encontrados na fonte localizada no subcampo: (D.; n.c.)

670 ## - FONTE POSITIVA DOS DADOS

  • Citação da fonte positiva dos dados: catalogue.bl.uk

670 ## - FONTE POSITIVA DOS DADOS

  • Citação da fonte positiva dos dados: catalogue.bn.fr
  • Dados encontrados na fonte localizada no subcampo: (escritor americano; d.n.)

Powered by Koha